000 00201nam a22000977a 4500
999 _c15765
_d15765
003 OSt
008 191015b ||||| |||| 00| 0 eng d
100 _aKesavdev,P.
_94298
245 _aKannadi
942 _cBK